000
00247nam a22001217a 4500
008
181017b xxu||||| |||| 00| 0 eng d
041
_a
eng
080
_a
616.15
100
_a
9
101
_a
HEM
245
_a
Blood
_c
Kapff,C.T
942
_2
udc
_c
BK
999
_c
49973
_d
49973